• 首页
  • 本馆介绍
  • 公告通知
  • 最新文献
  • 馆藏检索
  • 电子资源
  • 读者导购
  • 参考咨询
  • 我的图书馆
  • 登录
  • 详细信息显示
  • 放入我的书架
  • 预约/预借图书
  • 作者相关作品
  • 分类相关作品
  • 丛书相关作品
  • 出版社相关作品

书目信息

  • 表格格式
  • 工作单格式
  • 卡片格式
题名:
地域民间舞蹈文化的演变
    
 
作者: 李雪梅 著
分册:  
出版信息: 北京   文化艺术出版社  2004
页数: 256页
开本: 26cm
丛书名: 中国艺术教育大系
单 册:
中图分类: J722.2
科图分类:
主题词: 民族舞蹈--文化--研究--中国--专业学校--教材 , 民间舞蹈--文化--研究--中国--专业学校--教材 , 民族舞蹈 , 民间舞蹈
电子资源:
ISBN: 7-5039-2603-1
000 01117oam2 2200313 450
001 002834598
005 20140612095840.46
010    @a7-5039-2603-1@dCNY35.00
100    @a20050104d2004 em y0chiy0110 ea
101 0  @achi
102    @aCN@b110000
105    @aab z 000yy
106    @ar
200 1  @a地域民间舞蹈文化的演变@9di yu min jian wu dao wen hua de yan bian@f李雪梅等著
210    @a北京@c文化艺术出版社@d2004
215    @a256页@c地图,照片@d26cm
225 2  @a中国艺术教育大系@i中专卷
300    @a文化部中等艺术教育“十五”重点教材
308    @a中专卷舞蹈分卷/潘志涛,曹锦荣主编
330    @a本书将不同民族民间舞蹈的类型与中国的地域分布结合起来,着重研究地域文化多重融合形成的民间舞蹈共同的神韵和风貌的有机整体;探讨舞蹈文化的时间承接性,空间的连绵性与伸展性。
462  0 @12001 @a中专卷
606 0  @a民族舞蹈@x文化@x研究@y中国@x专业学校@j教材
606 0  @a民间舞蹈@x文化@x研究@y中国@x专业学校@j教材
606 0  @a民族舞蹈
606 0  @a民间舞蹈
690    @aJ722.2@v4
701  0 @a李雪梅@9li xue mei@c(舞蹈)@4著
801  0 @aCN@bNLC@c20050428
905    @b549302-04@dJ722.2@e129@f3
    
    地域民间舞蹈文化的演变/李雪梅等著.-北京:文化艺术出版社,2004
    256页:地图,照片;26cm.-(中国艺术教育大系.中专卷)
    文化部中等艺术教育“十五”重点教材
    
    ISBN 7-5039-2603-1:CNY35.00
    本书将不同民族民间舞蹈的类型与中国的地域分布结合起来,着重研究地域文化多重融合形成的民间舞蹈共同的神韵和风貌的有机整体;探讨舞蹈文化的时间承接性,空间的连绵性与伸展性。
●
相关链接 在E读中查询图书 在五车中查询图书 在当当中查询图书 在豆瓣中查询图书


正题名:地域民间舞蹈文化的演变     索取号:J722.2/129         预约/预借

序号 登录号 条形码 馆藏地/架位号 状态 备注
1 549302   205493027   第一样本阅览室/ [索取号:J722.2/129] 在馆    
2 549303   205493036   密集书库-音乐系/ [索取号:J722.2/129] 在馆    
3 549304   205493045   第一借阅区/ [索取号:J722.2/129] 在馆    
唐山师范学院图书馆 欢迎您!
大连网信软件有限公司© 版权所有